Statystyki dla Fame MMA - Zwyciężcy

Kliknij tutaj aby rozwiązać quiz!

Ogólne statystyki

  • Ten quiz został rozwiązany 1 529 razy
  • Średni wynik to 22 z 32

Statystyki odpowiedzi

PrzegranyVSZwyciężcaSposób zakończenia% Poprawnych
Daniel "Magical" ZwierzyńskiFame MMA 1Adrian "Polak" PolańskiSD
93%
Amadeusz "Ferrari" RoślikFame MMA 4Adrian "Polak" PolańskiUD
93%
Jakub "Guzik" SzymańskiFame MMA 1**-***Michał "Boxdel" BaronTKO - 2 runda
88%
Adrian "Polak" PolańskiFame MMA 2**Dawid MalczyńskiMD
87%
Amadeusz "Ferrari" RoślikFame MMA 3**Dawid MalczyńskiUD
87%
Daniel "Magical" ZwierzyńskiFame MMA 2***Marcin "Rafonix" KrasuckiTKO - 1 runda
87%
Monika "Esmeralda" GodlewskaFame MMA 3*Marta "Linkimaster" LinkiewiczTKO - 1 runda
87%
Daniel "DeeJayPallaside" PawlakFame MMA 3***Szymon "Isamu" KasprzykUD
86%
Dawid "Ambro" AmbroziakFame MMA 4Kasjusz "Don Kasjo" ŻycińskiUD
84%
Adrian "Polak" PolańskiFame MMA 3Kasjusz "Don Kasjo" ŻycińskiUD
84%
Michał "Boxdel" BaronFame MMA 4Jakub "Kubańczyk" FlasTKO - 1 runda
80%
Kamil HassanFame MMA 3Maksymilian "Wiewiór" WiewiórkaTKO - 3 runda
79%
Sylwester "Bystrzak" TkoczFame MMA 2Amadeusz "Ferrari" RoślikTKO - 2 runda
78%
Łukasz "Tomb" ImiełowskiFame MMA 4Filip "Filipek" MarcinekUD
75%
Piotr "Knaziu" KnaśFame MMA 4Adrian "Medusa" SalamonPoddanie - 2 runda
74%
Hubert "Ken" KorczakFame MMA 1Krystian "Krycha" WilczakTKO - 2 runda
74%
Bartek "Ruby" BrzezińskiFame MMA 3Krystian "Krycha" WilczakTKO - 1 runda
74%
Dawid "Surfer" OzdobaFame MMA 2Marek "AdBuster" HoffmanTKO - 1 runda
73%
Marta "Linkimaster" LinkiewiczFame MMA 4Aniela "Lil Masti" BoguszTKO - 1 runda
71%
Patryk "Kizo" WozińskiFame MMA 4Marcin "Mielonidas" MakowskiTKO - 2 runda
69%
Filip "Filipek" MarcinekFame MMA 3Patryk "Ryba" KaraśSD
69%
Piotr "BonusBGC" WitczakFame MMA 3Szymon "Taxi Złotówa" WrzesieńTKO - 2 runda
65%
Dawid "Surfer" OzdobaFame MMA 1Dawid "Ambro" AmbroziakDuszenie - 1 runda
61%
Piotr & Paweł KlukFame MMA 2*Piotr & Paweł TyburscyTKO - 1 runda
59%
Maksymilian "Wiewiór" WiewiórkaFame MMA 1Michał HandkeTKO - 2 runda
57%
Łukasz LupaFame MMA 2Kamil "Kasti" StępińskiTKO - 2 runda
52%
Piotr "BonusBGC" WitczakFame MMA 2Sebastian "Ztrollowany" NowakTKO - 2 runda
52%
Michał "Bogas" BogawskiFame MMA 1Sebastian "Ztrollowany" NowakTKO - 3 runda
52%
Kamil "Kasti" StępińskiFame MMA 4Krystian "Jongmen" BrzezińskiTKO - 2 runda
48%
Marek "Maro" WilczakFame MMA 1Łukasz LupaTKO - 1 runda
44%
Piotr "Czapi" CzapiewskiFame MMA 2Arkadiusz "Waluś" WalczakTKO - 2 runda
39%
Piotr CelejFame MMA 1*Krzysztof OlczakUD
21%

Rozkład punktacji

Percentyl według liczby udzielonych odpowiedzi

Procent ludzi z każdym wynikiem

Twoja historia wyników

Nie rozwiązałeś tego quizu